Bilecik Bilecik Bilecik Bilecik Bilecik

Inside Al Qaeda : (Record no. 31386)

MARC details
000 -BAŞLIK
Sabit Uzunluktaki Kontrol Alanı 00885nam a22002897a 4500
001 - KONTROL NUMARASI
Control Dosyası 0031474
003 - KONTROL NUMARASI KİMLİĞİ
Kontrol Alanı KOHA_MİRAKIL
005 - EN SON İŞLEM TARİHİ ve ZAMANI
Kontrol Alanı 20260207002802.0
007 - FİZİKSEL TANIM SABİT ALAN - GENEL BİLGİ
Sabit uzunluklu kontrol alanı ta
008 - SABİT UZUNLUKTAKİ VERİ ÖGELERİ - GENEL BİLGİ
Sabit Alan 110818b2002 us |||gr||||#||||0|eng |
020 ## - ISBN - ULUSLARARASI STANDART KİTAP NUMARASI
Isbn 0231126921
Nitelik bilgileri (alk. paper)
Kullanılabilirlik koşulları 0,01
040 ## - KATALOGLAMA KAYNAĞI
Özgün Kataloglama Kurumu TR-BiSEU
Kataloglama Dili tur
Çeviri Kurumu TR-BiSEU
Açıklama Kuralları rda
041 0# - DİL KODU
Metin ya da ses kaydının dil kodu eng
044 ## - YAYINLAYAN/ÜRETEN KURULUŞUN ÜLKE KODU
ISO country code us
050 ## - SINIFLAMA ve YER NUMARASI
Sınıflama Numarası HV6431
Yer Numarası .G85 2002
100 1# - KİŞİ ADI
Yazar Adı (Kişi adı) Gunaratna, Rohan.
245 1# - ESER ADI BİLDİRİMİ
Başlık Inside Al Qaeda :
Alt Eseradı vb. global network of terror/
Sorumluluk Bildirimi Rohan Gunaratna ; Rohan Gunaratna..
264 #1 - ÜRERİM, YAYIN, DAĞITIM ve TELİF BİLDİRİMİ
Yayın yeri New York :
Yayınlayan Columbia University Press
Yayın tarihi 2002
300 ## - FİZİKSEL TANIMLAMA
Sayfa, Cilt vb. xiii, 271 p. ;
Boyutları 24 cm.
336 ## - İÇERİK TÜRÜ
Content type term metin
Content type code txt
Source rdacontent
337 ## - MEDYA TÜRÜ
Media type term aracısız
Media type code n
Source rdamedia
338 ## - TAŞIYICI TÜRÜ
Carrier type term cilt
Carrier type code nc
Source rdacarrier
500 ## - GENEL NOT
Genel Not Includes bibliographical references and index.
650 #0 - KONU BAŞLIĞI EK GİRİŞ - KONU TERİMİ
Konusal terim veya coğrafi ad Terrorism.
9 (RLIN) 8656
650 #0 - KONU BAŞLIĞI EK GİRİŞ - KONU TERİMİ
Konusal terim veya coğrafi ad Qaida (Organization).
9 (RLIN) 57894
942 ## - EK GİRİŞ ÖGELERİ (KOHA)
Source of classification or shelving scheme Library of Congress Classification
Koha item type Book
Holdings
Materyal Türü Kalıcı Konum Mevcut Konum Raf Yeri Sınıflandırma Kaynağı Edinim Bilgisi Ana Konular Alt Konular Yer Numarası Demirbaş Numarası Fatura Tarihi Geri Çekilme Durumu Kayıp Durumu Hasarlı Durumu Kredi için değil Kayıt Tarih Toplam Ödünçverme Son Görülme Tarihi Son Kontrol Tarihi Genel / Bağış Notu
Book Prof. Dr. Azmi Özcan Kütüphanesi Prof. Dr. Azmi Özcan Kütüphanesi Uluğbey Salonu Library of Congress Classification Bağış SOSYAL BİLİMLER Sosyal Patoloji, Sosyal ve Kamu Refahı, Kriminoloji HV6431 .G85 2002 0031474 02/02/2026         18/08/2011   05/12/2024 05/12/2024 YÖK Tez Merkezi